[Event "Botvinnik Cup 2018"]
[Site "Moscow"]
[Date "2018.08.11"]
[Round "3"]
[White "Sevdimaliyev, Urfan"]
[Black "Grigoryan, Aram"]
[Result "1/2-1/2"]
[WhiteElo "2388"]
[BlackElo "1805"]
[Annotator "NA"]
[PlyCount "45"]
[EventDate "2018.08.10"]
[EventCountry "RUS"]
[SourceTitle "playchess.com"]
[Source "ChessBase"]
[SourceQuality "1"]
[TimeControl "5400+30"]

1. e4 {[%emt 0:00:10]} e6 {[%emt 0:00:00]} 2. d4 {[%emt 0:00:26]} d5 {[%emt 0:00:00]} 3. Bd3 {[%emt 0:00:07]} dxe4 {[%emt 0:00:37]} 4. Bxe4 {[%emt 0:00:01]} Nf6 {[%emt 0:00:18]} 5. Bf3 {[%emt 0:00:13]} Be7 {[%emt 0:00:50]} 6. Ne2 {[%emt 0:00:12]} O-O {[%emt 0:00:35]} 7. O-O {[%emt 0:00:19]} c5 {[%emt 0:00:46]} 8. c4 {[%emt 0:01:17]} Nc6 {[%emt 0:02:03]} 9. Be3 {[%emt 0:02:06]} cxd4 {[%emt 0:03:14]} 10. Nxd4 {[%emt 0:00:13]} Nxd4 {[%emt 0:01:01]} 11. Qxd4 {[%emt 0:01:59]} Qa5 {[%emt 0:04:06]} 12. Qc3 {[%emt 0:03:37]} Qc7 {[%emt 0:03:36]} 13. Qb3 {[%emt 0:02:25]} Bc5 {[%emt 0:13:10]} 14. Bxc5 {[%emt 0:01:10]} Qxc5 {[%emt 0:00:07]} 15. Nc3 {[%emt 0:01:05]} Bd7 {[%emt 0:02:46]} 16. Ne4 {[%emt 0:10:25]} Nxe4 {[%emt 0:02:20]} 17. Bxe4 {[%emt 0:00:02]} Bc6 {[%emt 0:01:58]} 18. Bxc6 {[%emt 0:01:17]} bxc6 {[%emt 0:01:06]} 19. Qc3 {[%emt 0:01:11]} Rab8 {[%emt 0:01:52]} 20. Rab1 {[%emt 0:04:39]} a5 {[%emt 0:04:29]} 21. b3 {[%emt 0:01:23]} Qa3 {[%emt 0:01:28]} 22. Qb2 {[%emt 0:02:46]} Qc5 {[%emt 0:02:52]} 23. Qc3 {[%emt 0:02:51]} 1/2-1/2

[Event "Botvinnik Cup 2018"]
[Site "Moscow"]
[Date "2018.08.11"]
[Round "3"]
[White "Sevdimaliyev, Urfan"]
[Black "Melkonyan, Arshak"]
[Result "1-0"]
[WhiteElo "2388"]
[BlackElo "2051"]
[Annotator "NA"]
[PlyCount "111"]
[EventDate "2018.08.10"]
[EventCountry "RUS"]
[SourceTitle "playchess.com"]
[Source "ChessBase"]
[SourceQuality "1"]
[TimeControl "5400+30"]

1. d4 {[%emt 0:00:00]} d5 {[%emt 0:00:00]} 2. Nf3 {[%emt 0:00:38]} c6 {[%emt 0:00:27]} 3. Bf4 {[%emt 0:00:12]} Bf5 {[%emt 0:00:19]} 4. e3 {[%emt 0:00:10]} e6 {[%emt 0:01:09]} 5. c4 {[%emt 0:00:23]} Nd7 {[%emt 0:00:36]} 6. Nc3 {[%emt 0:00:03]} Ngf6 {[%emt 0:01:40]} 7. Qb3 {[%emt 0:00:56]} Qb6 {[%emt 0:00:46]} 8. c5 {[%emt 0:00:29]} Qxb3 {[%emt 0:01:12]} 9. axb3 {[%emt 0:01:04]} a6 {[%emt 0:00:28]} 10. h3 {[%emt 0:00:37]} h6 {[%emt 0:06:32]} 11. b4 {[%emt 0:00:29]} Rc8 {[%emt 0:02:14]} 12. Nd2 {[%emt 0:00:28]} Be7 {[%emt 0:05:01]} 13. Nb3 {[%emt 0:00:25]} Bd8 {[%emt 0:03:13]} 14. Na5 {[%emt 0:03:59]} Bxa5 {[%emt 0:00:23]} 15. bxa5 {[%emt 0:01:51]} O-O {[%emt 0:09:32]} 16. Bd6 {[%emt 0:08:39]} Rfe8 {[%emt 0:01:36]} 17. f4 {[%emt 0:04:11]} Ne4 {[%emt 0:01:29]} 18. Nxe4 {[%emt 0:02:05]} Bxe4 {[%emt 0:00:01]} 19. Ra3 {[%emt 0:00:57]} Ra8 {[%emt 0:00:49]} 20. Rb3 {[%emt 0:02:48]} Ra7 {[%emt 0:00:06]} 21. Rg1 {[%emt 0:01:26]} Nf6 {[%emt 0:25:07]} 22. Be5 {[%emt 0:07:31]} Rd8 {[%emt 0:01:39]} 23. Bxf6 {[%emt 0:01:11]} gxf6 {[%emt 0:00:01]} 24. g4 {[%emt 0:00:44]} Kh7 {[%emt 0:00:52]} 25. Be2 {[%emt 0:01:51]} Rd7 {[%emt 0:03:45]} 26. Kd2 {[%emt 0:05:07]} Ra8 {[%emt 0:01:24]} 27. h4 {[%emt 0:09:25]} Rg8 {[%emt 0:02:36]} 28. Rb6 {[%emt 0:06:35]} e5 {[%emt 0:07:26]} 29. Rb3 {[%emt 0:03:53]} exd4 {[%emt 0:02:56]} 30. exd4 {[%emt 0:00:06]} Re7 {[%emt 0:00:13]} 31. Rgg3 {[%emt 0:02:08]} f5 {[%emt 0:04:10]} 32. g5 {[%emt 0:04:43]} Rg6 {[%emt 0:02:12]} 33. Rb6 {[%emt 0:02:21]} hxg5 {[%emt 0:02:31]} 34. hxg5 {[%emt 0:00:57]} Rge6 {[%emt 0:00:40]} 35. Rgb3 {[%emt 0:02:34]} Bc2 {[%emt 0:03:03]} 36. Kxc2 {[%emt 0:00:21]} Rxe2+ {[%emt 0:00:02]} 37. Kb1 {[%emt 0:00:02]} Re1+ {[%emt 0:02:00]} 38. Ka2 {[%emt 0:00:19]} R1e4 {[%emt 0:00:07]} 39. Rxb7 {[%emt 0:00:47]} Rxb7 {[%emt 0:00:02]} 40. Rxb7 {[%emt 0:00:01]} Rxd4 {[%emt 0:00:48]} 41. Rxf7+ {[%emt 0:02:49]} Kg8 {[%emt 0:00:08]} 42. Rxf5 {[%emt 0:01:06]} Ra4+ {[%emt 0:00:06]} 43. Kb3 {[%emt 0:06:18]} Rxa5 {[%emt 0:00:04]} 44. Kb4 {[%emt 0:00:30]} Rb5+ {[%emt 0:00:04]} 45. Kc3 {[%emt 0:00:01]} Rxc5+ {[%emt 0:00:01]} 46. Kd4 {[%emt 0:00:05]} Rb5 {[%emt 0:00:01]} 47. Rf6 {[%emt 0:00:14]} Rb4+ {[%emt 0:02:17]} 48. Ke5 {[%emt 0:00:37]} Re4+ {[%emt 0:04:23]} 49. Kf5 {[%emt 0:00:37]} Rc4 {[%emt 0:02:59]} 50. Kg6 {[%emt 0:02:46]} d4 {[%emt 0:01:20]} 51. f5 {[%emt 0:00:30]} Rc5 {[%emt 0:03:06]} 52. Rd6 {[%emt 0:01:08]} Rd5 {[%emt 0:00:16]} 53. Rxd5 {[%emt 0:00:34]} cxd5 {[%emt 0:00:04]} 54. f6 {[%emt 0:00:01]} d3 {[%emt 0:00:13]} 55. f7+ {[%emt 0:00:01]} Kf8 {[%emt 0:00:04]} 56. Kf6 {[%emt 0:00:01] Ke8} 1-0

[Event "Botvinnik Cup 2018"]
[Site "Moscow"]
[Date "2018.08.11"]
[Round "3"]
[White "Komliakov, Viktor"]
[Black "Omonova, Umida"]
[Result "1/2-1/2"]
[WhiteElo "2366"]
[BlackElo "1762"]
[Annotator "NA"]
[PlyCount "50"]
[EventDate "2018.08.10"]
[EventCountry "RUS"]
[SourceTitle "playchess.com"]
[Source "ChessBase"]
[SourceQuality "1"]
[TimeControl "5400+30"]

1. e4 {[%emt 0:00:00]} c5 {[%emt 0:00:00]} 2. Nf3 {[%emt 0:00:00]} g6 {[%emt 0:00:44]} 3. d4 {[%emt 0:01:54]} cxd4 {[%emt 0:01:34]} 4. Qxd4 {[%emt 0:00:03]} Nf6 {[%emt 0:00:51]} 5. Bb5 {[%emt 0:00:00]} Nc6 {[%emt 0:03:18]} 6. Bxc6 dxc6 {[%emt 0:00:42]} 7. Qxd8+ {[%emt 0:01:10]} Kxd8 {[%emt 0:00:10]} 8. Nc3 {[%emt 0:00:24]} Bg7 {[%emt 0:00:22]} 9. h3 b5 10. a3 {[%emt 0:13:44]} Bb7 {[%emt 0:07:15]} 11. Bf4 {[%emt 0:08:05]} Nd7 {[%emt 0:01:28]} 12. O-O-O {[%emt 0:02:24]} Bxc3 {[%emt 0:01:12]} 13. bxc3 {[%emt 0:02:34]} Ke8 14. Be3 {[%emt 0:11:19]} c5 {[%emt 0:04:03]} 15. Nd2 {[%emt 0:03:24]} Rc8 {[%emt 0:01:31]} 16. f3 {[%emt 0:04:01]} c4 {[%emt 0:03:25]} 17. h4 {[%emt 0:03:21]} h5 {[%emt 0:07:52]} 18. Nf1 Bc6 19. Ng3 {[%emt 0:04:35]} f6 {[%emt 0:05:09]} 20. Rd2 {[%emt 0:00:55]} a6 21. Ne2 {[%emt 0:01:35]} Kf7 {[%emt 0:02:48]} 22. Rhd1 {[%emt 0:02:07]} Nf8 {[%emt 0:08:12]} 23. Nf4 Ne6 24. Nxe6 {[%emt 0:18:46]} Kxe6 {[%emt 0:00:33]} 25. Bf4 {[%emt 0:03:10]} Rhg8 1/2-1/2

[Event "Botvinnik Cup 2018"]
[Site "Moscow"]
[Date "2018.08.11"]
[Round "3"]
[White "Komliakov, Viktor"]
[Black "Sunnatov, Mirfayz"]
[Result "1-0"]
[WhiteElo "2366"]
[BlackElo "1868"]
[Annotator "NA"]
[PlyCount "91"]
[EventDate "2018.08.10"]
[EventCountry "RUS"]
[SourceTitle "playchess.com"]
[Source "ChessBase"]
[SourceQuality "1"]
[TimeControl "5400+30"]

1. e4 {[%emt 0:00:00]} c5 {[%emt 0:00:00]} 2. Nf3 {[%emt 0:00:00]} e6 {[%emt 0:00:00]} 3. d3 {[%emt 0:00:33]} Nc6 {[%emt 0:00:01]} 4. g3 {[%emt 0:00:11]} g6 {[%emt 0:01:09]} 5. Bg2 {[%emt 0:00:18]} Bg7 {[%emt 0:00:02]} 6. O-O {[%emt 0:00:13]} d6 {[%emt 0:00:36]} 7. c3 {[%emt 0:01:10]} e5 {[%emt 0:01:40]} 8. a3 {[%emt 0:02:05]} a5 {[%emt 0:03:46]} 9. Be3 {[%emt 0:04:38]} Qb6 {[%emt 0:01:35]} 10. Nbd2 {[%emt 0:01:49]} Nf6 {[%emt 0:04:47]} 11. h3 {[%emt 0:05:17]} a4 {[%emt 0:05:11]} 12. d4 {[%emt 0:16:39]} Qb5 {[%emt 0:08:16]} 13. Re1 {[%emt 0:04:45]} O-O {[%emt 0:05:28]} 14. Rb1 {[%emt 0:26:42]} Rd8 {[%emt 0:03:27]} 15. Bf1 {[%emt 0:01:57]} Qa5 {[%emt 0:00:45]} 16. d5 {[%emt 0:03:03]} Ne7 {[%emt 0:01:10]} 17. c4 {[%emt 0:00:39]} h6 {[%emt 0:02:16]} 18. Nh2 {[%emt 0:03:41]} Nd7 {[%emt 0:04:59]} 19. h4 {[%emt 0:01:34]} f5 {[%emt 0:01:01]} 20. h5 {[%emt 0:01:16]} g5 {[%emt 0:01:07]} 21. exf5 {[%emt 0:01:00]} Nxf5 {[%emt 0:00:10]} 22. Ng4 {[%emt 0:01:29]} Nxe3 {[%emt 0:02:21]} 23. Nxe3 {[%emt 0:01:03]} Nf6 {[%emt 0:01:07]} 24. Bd3 {[%emt 0:01:10]} Rf8 {[%emt 0:07:22]} 25. Ne4 {[%emt 0:00:29]} Nxe4 {[%emt 0:01:03]} 26. Bxe4 {[%emt 0:00:06]} Bd7 {[%emt 0:00:09]} 27. Qc2 {[%emt 0:02:42]} Rf6 {[%emt 0:02:07]} 28. Bf5 {[%emt 0:01:03]} Bxf5 {[%emt 0:01:12]} 29. Nxf5 {[%emt 0:00:04]} Raf8 {[%emt 0:00:15]} 30. g4 {[%emt 0:00:38]} b5 {[%emt 0:00:42]} 31. cxb5 {[%emt 0:00:33]} Qxb5 {[%emt 0:00:01]} 32. Re4 {[%emt 0:00:55]} Qb7 {[%emt 0:02:07]} 33. Rxa4 {[%emt 0:00:33]} Rxf5 {[%emt 0:01:32]} 34. gxf5 {[%emt 0:00:05]} Qxd5 {[%emt 0:00:11]} 35. Qc4 {[%emt 0:00:07]} Qxc4 {[%emt 0:00:06]} 36. Rxc4 {[%emt 0:00:02]} Rxf5 {[%emt 0:00:08]} 37. b4 {[%emt 0:00:01]} cxb4 {[%emt 0:00:12]} 38. axb4 {[%emt 0:00:47]} d5 {[%emt 0:00:04]} 39. Rc8+ {[%emt 0:00:05]} Kh7 {[%emt 0:00:45]} 40. b5 {[%emt 0:00:06]} e4 {[%emt 0:00:50]} 41. b6 {[%emt 0:00:08]} Bd4 {[%emt 0:00:02]} 42. b7 {[%emt 0:00:28]} Rxf2 {[%emt 0:01:59]} 43. Kh1 {[%emt 0:01:33]} Be5 {[%emt 0:01:03]} 44. b8=Q {[%emt 0:00:47]} Rh2+ {[%emt 0:00:01]} 45. Kg1 {[%emt 0:00:07]} Bxb8 {[%emt 0:00:06]} 46. Rb7+ 1-0

[Event "Botvinnik Cup 2018"]
[Site "Moscow"]
[Date "2018.08.11"]
[Round "3"]
[White "Ahmadzada, Ahmad"]
[Black "Vaganian, Rafael A"]
[Result "1/2-1/2"]
[WhiteElo "2342"]
[BlackElo "2546"]
[Annotator "TA"]
[PlyCount "73"]
[EventDate "2018.08.10"]
[EventCountry "RUS"]
[SourceTitle "playchess.com"]
[Source "ChessBase"]
[SourceQuality "1"]

{[%evp 19,73,26,34,-8,-10,-7,0,0,6,-4,56,26,34,15,40,32,26,8,12,-31,-2,-6,0,-48,-57,-45,-45,-103,-104,-116,-114,-122,-66,-71,-69,-64,-64,-68,-37,-37,-37,-40,-14,-23,0,0,0,0,0,0,0,0,0,0,0,0]} 1. d4 d5 2. c4 e6 3. Nc3 Be7 4. Nf3 Nf6 5. Bg5 h6 6. Bh4 O-O 7. e3 b6 8. Bd3 Bb7 9. O-O Ne4 {D58: Queen's Gambit Declined: Tartakower Defence} (9... Nbd7 10. Qe2 c5 11. Rfd1 cxd4 12. Nxd4 Nc5 13. Bxf6 Bxf6 14. cxd5 Bxd4 15. exd4 Nxd3 16. Qxd3 Bxd5 17. Re1 Rc8 18. Rad1 Rc7 19. Qg3 Rd7 {0-1 (62) Salem,A (2638)-Carlsen,M (2837) Riadh 2017}) 10. Bxe7 Qxe7 {LiveBook: 5 Games} 11. Nd2 $146 {[%cal Rd2e4]} ({Predecessor:} 11. Qc2 Nxc3 12. Qxc3 dxc4 13. Bxc4 Nd7 14. Rfd1 c5 15. dxc5 Nxc5 16. Qe5 Rac8 17. Bb5 {½-½ (72) Gritsayeva,O (2372)-Vasilevich,T (2365) Sochi 2017}) 11... Nxc3 12. bxc3 dxc4 13. Nxc4 Nd7 14. e4 e5 (14... Nf6 $11) 15. Re1 Rad8 16. Ne3 g6 17. Qa4 a6 18. Rad1 Nf6 19. Nd5 (19. d5 {keeps more tension.} Nd7 20. g3 Nc5 21. Qc2 h5 22. h4) 19... Bxd5 20. exd5 Rxd5 21. Qxa6 Qd6 22. dxe5 Rxe5 {And now ...Ng4 would win.} 23. Rxe5 (23. Bf1 $15 Rxe1 24. Rxd6 cxd6 25. g3) 23... Qxe5 $17 24. Qc4 Rd8 25. Rc1 {[#]} Qd5 ({Black should try} 25... Ng4 $1 $17 {[%mdl 512]} 26. Qxg4 Rxd3) 26. Bf1 $15 Qxc4 27. Bxc4 $17 {[%mdl 4096] Endgame KRB-KRN} Rd2 28. f3 Ne8 29. Bb3 Nd6 30. Rd1 Rxd1+ (30... Rb2 {with more complications.} 31. Rf1 Re2 32. Rf2 Re5 33. Rc2 Rc5) 31. Bxd1 $15 {KB-KN} Kg7 32. Kf2 {The position is equal.} Kf6 33. Ke3 Ke5 34. f4+ Kd5 35. Bb3+ Kc5 36. h4 f6 37. g4 {Precision: White = 47%, Black = 39%.} 1/2-1/2

[Event "Botvinnik Cup 2018"]
[Site "Moscow"]
[Date "2018.08.11"]
[Round "3"]
[White "Egin, Vladimir"]
[Black "Ceres, Dragos"]
[Result "1-0"]
[WhiteElo "2317"]
[BlackElo "2211"]
[Annotator "NA"]
[PlyCount "91"]
[EventDate "2018.08.10"]
[EventCountry "RUS"]
[SourceTitle "playchess.com"]
[Source "ChessBase"]
[SourceQuality "1"]
[TimeControl "5400+30"]

1. e4 {[%emt 0:00:00]} e6 {[%emt 0:00:00]} 2. d4 {[%emt 0:00:00]} d5 {[%emt 0:00:00]} 3. Nd2 {[%emt 0:00:13]} Be7 {[%emt 0:00:08]} 4. Bd3 {[%emt 0:01:44]} Nf6 {[%emt 0:00:17]} 5. e5 {[%emt 0:03:43]} Nfd7 {[%emt 0:00:04]} 6. Ne2 {[%emt 0:00:10]} c5 {[%emt 0:01:44]} 7. c3 {[%emt 0:00:10]} Qb6 {[%emt 0:00:10]} 8. O-O {[%emt 0:01:47]} Nc6 {[%emt 0:03:37]} 9. Nf3 {[%emt 0:10:59]} h6 {[%emt 0:02:16]} 10. a3 {[%emt 0:01:49]} a5 {[%emt 0:00:25]} 11. Be3 {[%emt 0:08:09]} g5 {[%emt 0:04:45]} 12. dxc5 {[%emt 0:06:38]} Qc7 {[%emt 0:00:44]} 13. Qa4 {[%emt 0:08:15]} Nxc5 {[%emt 0:01:17]} 14. Bxc5 {[%emt 0:03:53]} Bxc5 {[%emt 0:00:15]} 15. Ned4 {[%emt 0:00:22]} Bd7 {[%emt 0:00:54]} 16. Nb5 {[%emt 0:01:21]} Qb6 {[%emt 0:01:09]} 17. Qg4 {[%emt 0:01:19]} O-O-O {[%emt 0:04:28]} 18. b4 {[%emt 0:00:32]} Be7 {[%emt 0:00:05]} 19. bxa5 {[%emt 0:02:33]} Qxa5 {[%emt 0:00:37]} 20. Qg3 {[%emt 0:04:06]} Rdg8 {[%emt 0:01:44]} 21. Rfb1 {[%emt 0:03:40]} h5 {[%emt 0:00:36]} 22. Nfd4 {[%emt 0:02:06]} Nxd4 {[%emt 0:09:25]} 23. cxd4 {[%emt 0:02:07]} Bc6 {[%emt 0:00:10]} 24. Nd6+ {[%emt 0:00:49]} Bxd6 {[%emt 0:00:33]} 25. exd6 {[%emt 0:00:47]} Kd7 {[%emt 0:00:23]} 26. a4 {[%emt 0:01:13]} f6 {[%emt 0:16:11]} 27. Bb5 {[%emt 0:00:43]} Rc8 {[%emt 0:00:27]} 28. Bxc6+ {[%emt 0:00:45]} Kxc6 {[%emt 0:00:01]} 29. Rb5 {[%emt 0:04:17]} Qd2 {[%emt 0:06:23]} 30. Rab1 {[%emt 0:02:09]} Qxd4 {[%emt 0:00:56]} 31. Rc1+ {[%emt 0:01:16]} Kd7 {[%emt 0:00:07]} 32. Rxb7+ {[%emt 0:00:08]} Kd8 {[%emt 0:00:04]} 33. Rxc8+ {[%emt 0:02:15]} Kxc8 {[%emt 0:00:10]} 34. Rc7+ {[%emt 0:03:38]} Kd8 {[%emt 0:00:14]} 35. h3 {[%emt 0:02:57]} Qb4 {[%emt 0:05:44]} 36. Rf7 {[%emt 0:05:57]} Qb2 {[%emt 0:12:01]} 37. Qe3 {[%emt 0:01:18]} d4 {[%emt 0:04:49]} 38. Qe4 {[%emt 0:03:07]} Qc1+ {[%emt 0:00:50]} 39. Kh2 {[%emt 0:00:01]} Qf4+ {[%emt 0:00:06]} 40. Qxf4 {[%emt 0:00:01]} gxf4 {[%emt 0:00:07]} 41. a5 {[%emt 0:02:09]} Kc8 {[%emt 0:00:59]} 42. a6 {[%emt 0:01:26]} Kb8 {[%emt 0:00:04]} 43. Rb7+ {[%emt 0:00:43]} Ka8 {[%emt 0:00:06]} 44. d7 {[%emt 0:00:14]} Rd8 {[%emt 0:00:13]} 45. Rc7 {[%emt 0:00:39]} Kb8 {[%emt 0:00:02]} 46. Rc8+ {[%emt 0:00:21]} 1-0

[Event "Botvinnik Cup 2018"]
[Site "Moscow"]
[Date "2018.08.11"]
[Round "3"]
[White "Egin, Vladimir"]
[Black "Keller, Rostislav"]
[Result "1/2-1/2"]
[WhiteElo "2317"]
[BlackElo "1735"]
[Annotator "NA"]
[PlyCount "59"]
[EventDate "2018.08.10"]
[EventCountry "RUS"]
[SourceTitle "playchess.com"]
[Source "ChessBase"]
[SourceQuality "1"]
[TimeControl "5400+30"]

1. e4 {[%emt 0:00:00]} c5 {[%emt 0:00:00]} 2. Nf3 {[%emt 0:00:00]} d6 {[%emt 0:00:00]} 3. Bb5+ {[%emt 0:00:00]} Nd7 {[%emt 0:00:00]} 4. a4 {[%emt 0:00:00]} a6 {[%emt 0:00:33]} 5. Bc4 {[%emt 0:00:51]} Ngf6 {[%emt 0:00:16]} 6. Nc3 {[%emt 0:01:38]} b6 {[%emt 0:00:13]} 7. O-O {[%emt 0:02:03]} e6 {[%emt 0:00:15]} 8. d4 {[%emt 0:00:58]} cxd4 {[%emt 0:01:14]} 9. Qxd4 {[%emt 0:01:00]} Be7 {[%emt 0:01:01]} 10. b3 {[%emt 0:06:52]} O-O {[%emt 0:04:19]} 11. Bb2 {[%emt 0:06:56]} Qc7 {[%emt 0:03:10]} 12. Ne2 {[%emt 0:08:19]} Bb7 {[%emt 0:03:49]} 13. Ng3 {[%emt 0:03:21]} Rfe8 {[%emt 0:01:43]} 14. Rfe1 {[%emt 0:02:47]} Rac8 {[%emt 0:03:14]} 15. Rad1 {[%emt 0:04:21]} Bf8 {[%emt 0:18:40]} 16. h3 {[%emt 0:08:48]} d5 {[%emt 0:07:26]} 17. exd5 {[%emt 0:00:26]} Bc5 18. Qh4 {[%emt 0:00:08]} Bxd5 {[%emt 0:06:20]} 19. Bxd5 {[%emt 0:02:00]} exd5 {[%emt 0:02:12]} 20. Nf5 {[%emt 0:02:41]} Ne4 {[%emt 0:03:05]} 21. Rxe4 {[%emt 0:01:20]} Rxe4 {[%emt 0:22:22]} 22. Qg5 {[%emt 0:00:46]} g6 {[%emt 0:00:07]} 23. Nh6+ {[%emt 0:01:25]} Kf8 {[%emt 0:01:39]} 24. Qxd5 {[%emt 0:04:19]} Re7 {[%emt 0:01:06]} 25. b4 {[%emt 0:09:02]} Bxb4 {[%emt 0:07:28]} 26. Qd4 {[%emt 0:00:37]} Bc3 {[%emt 0:00:13]} 27. Bxc3 {[%emt 0:05:33]} Qxc3 {[%emt 0:00:04]} 28. Qh4 {[%emt 0:00:46]} Qf6 {[%emt 0:03:36]} 29. Ng5 {[%emt 0:00:49]} Qg7 {[%emt 0:01:20]} 30. Nhxf7 {[%emt 0:00:32]} 1/2-1/2

[Event "Botvinnik Cup 2018"]
[Site "Moscow"]
[Date "2018.08.11"]
[Round "3"]
[White "Tsvetkov, Andrey"]
[Black "Kovalev, Vladislav"]
[Result "0-1"]
[WhiteElo "2297"]
[BlackElo "2667"]
[Annotator "TA"]
[PlyCount "88"]
[EventDate "2018.08.10"]
[EventCountry "RUS"]
[SourceTitle "playchess.com"]
[Source "ChessBase"]
[SourceQuality "1"]

{[%evp 19,88,48,65,62,63,5,22,-5,-3,-3,0,-1,12,-24,-21,-36,-33,-76,-62,-76,-27,-20,-17,-28,0,0,0,-4,-15,-54,65,0,17,0,7,0,0,0,0,-53,-53,-53,-53,-53,-53,-54,-54,-145,-146,-146,-135,-166,-165,-150,-103,-169,-159,-270,-254,-352,-339,-352,-349,-330,-321,-449,-425,-672,-608,-1026,-1011]} 1. d4 Nf6 2. c4 g6 3. Nc3 Bg7 4. e4 d6 5. Nf3 O-O 6. Be2 Na6 7. O-O e5 8. Be3 h6 {E94: King's Indian: Classical: 6 Be2 e5 7 0-0: Various Black 7th moves} (8... c6 9. Qc2 Ng4 10. Bg5 Qe8 11. Rad1 f6 12. Bh4 Kh8 13. h3 Nh6 14. Rfe1 Nf7 15. a3 Nc7 16. b4 Ne6 17. d5 {1-0 (65) Wojtaszek,R (2738)-Demchenko,A (2672) Batumi 2018}) 9. d5 Ng4 10. Bd2 f5 {LiveBook: 5 Games. White is slightly better.} 11. exf5 gxf5 12. h3 (12. g3 $14) 12... Nf6 $11 13. Qc2 $146 ({Predecessor:} 13. Nh2 Nc5 14. f4 Nce4 15. Be1 Nxc3 16. Bxc3 {0-1 (53) Schwarz,E (1928)-Will,D (2130) Frankfurt 2014}) 13... Nc5 14. Be3 Nfe4 15. Nxe4 Nxe4 16. Ne1 a5 17. f4 Qh4 18. Nd3 Ng3 19. Rfe1 b6 20. Bf2 exf4 ({Much worse is} 20... e4 $6 21. Kh2 $14) 21. Qd2 Ne4 (21... Qg5 {seems wilder.} 22. Qxf4 Ne4 23. Be3 Bf6 24. Bf3 Re8) 22. Bxh4 Nxd2 23. Rac1 Ne4 24. Bh5 Ng5 (24... Bd4+ $15 25. Kh2 Bd7) 25. Kh1 ({White should play} 25. Re7 $14) 25... Bd7 26. Rc2 f3 27. gxf3 Be8 $36 {[%mdl 2048] Black has some pressure.} 28. Bxe8 Raxe8 29. Bxg5 (29. Kg2 $11) 29... Rxe1+ $15 30. Nxe1 {[#] Threatens to win with Bc1.} hxg5 $11 {[%mdl 4096] Endgame KRB-KRN} 31. Re2 Kf7 32. Nd3 Rh8 33. Nf2 (33. Kg2 $15) 33... Rh4 $17 34. b3 Rd4 35. a4 Be5 36. Kg2 Ke7 37. Re3 (37. Kf1 $17 {was worth a try.}) 37... Rd2 $19 38. Rd3 (38. h4 $17 {was called for.}) 38... Rb2 39. Re3 Kf6 40. Rd3 Kg6 41. Kf1 Kh5 42. Kg2 Kh4 {[#] Hoping for ...Bg3.Black is clearly winning.} 43. f4 (43. Kg1 $142 Ra2 44. Nd1) 43... Bxf4 44. Rf3 Re2 {Precision: White = 23%, Black = 69%.} 0-1

[Event "Botvinnik Cup 2018"]
[Site "Moscow"]
[Date "2018.08.11"]
[Round "3"]
[White "Lazavik, Denis"]
[Black "Korotylev, Alexey"]
[Result "1-0"]
[WhiteElo "2235"]
[BlackElo "2573"]
[Annotator "ChessBase"]
[PlyCount "93"]
[EventDate "2018.08.10"]
[EventCountry "RUS"]
[SourceTitle "playchess.com"]
[Source "ChessBase"]
[SourceQuality "1"]
[TimeControl "5400+30"]

1. d4 {[%emt 0:00:00]} Nf6 {[%emt 0:00:00]} 2. c4 {[%emt 0:00:00]} e6 {[%emt 0:00:32]} 3. Nf3 {[%emt 0:00:23]} b6 {[%emt 0:00:08]} 4. a3 {[%emt 0:00:27]} Bb7 {[%emt 0:00:55]} 5. Nc3 {[%emt 0:00:16]} g6 {[%emt 0:00:40]} 6. d5 {[%emt 0:08:46]} Bg7 {[%emt 0:00:18]} 7. e4 {[%emt 0:01:53]} O-O {[%emt 0:00:10]} 8. Be2 {[%emt 0:02:02]} Re8 {[%emt 0:05:04]} 9. O-O {[%emt 0:03:00]} exd5 {[%emt 0:00:45]} 10. exd5 {[%emt 0:00:16]} Na6 {[%emt 0:01:38]} 11. Be3 {[%emt 0:03:20]} Nc5 {[%emt 0:01:28]} 12. Bd4 {[%emt 0:03:43]} c6 {[%emt 0:03:04]} 13. dxc6 {[%emt 0:05:01]} Bxc6 {[%emt 0:01:22]} 14. Qc2 {[%emt 0:03:59]} Rc8 {[%emt 0:01:25]} 15. Rad1 {[%emt 0:07:00]} Qe7 {[%emt 0:04:26]} 16. h3 {[%emt 0:07:32]} h6 {[%emt 0:02:33]} 17. Be3 {[%emt 0:04:15]} Nfe4 {[%emt 0:00:12]} 18. Nd5 {[%emt 0:00:48]} Qf8 {[%emt 0:00:03]} 19. Bd4 {[%emt 0:02:27]} Ba4 {[%emt 0:00:28]} 20. Qb1 {[%emt 0:01:01]} Bxd1 {[%emt 0:00:14]} 21. Rxd1 {[%emt 0:00:09]} Bxd4 {[%emt 0:04:54]} 22. Nxd4 {[%emt 0:02:33]} Qg7 {[%emt 0:00:22]} 23. b4 {[%emt 0:01:29]} Nb7 {[%emt 0:01:21]} 24. Qd3 {[%emt 0:06:11]} Nbd6 {[%emt 0:06:27]} 25. Ne3 {[%emt 0:00:29]} a5 {[%emt 0:04:51]} 26. Bf3 {[%emt 0:01:44]} axb4 {[%emt 0:05:46]} 27. axb4 {[%emt 0:00:06]} Ra8 {[%emt 0:02:14]} 28. Ndc2 {[%emt 0:02:28]} Rac8 {[%emt 0:01:28]} 29. Nd4 {[%emt 0:06:55]} h5 {[%emt 0:05:16]} 30. Nb3 {[%emt 0:02:16]} Qb2 {[%emt 0:00:37]} 31. Nd2 {[%emt 0:00:11]} Qe5 {[%emt 0:01:20]} 32. Nxe4 {[%emt 0:02:33]} Nxe4 {[%emt 0:02:42]} 33. Nd5 {[%emt 0:00:11]} Re6 {[%emt 0:01:31]} 34. Bxe4 {[%emt 0:00:30]} Kg7 {[%emt 0:00:46]} 35. Bf3 {[%emt 0:00:21]} Rd6 {[%emt 0:07:32]} 36. Qd4 {[%emt 0:02:04]} Qxd4 {[%emt 0:01:22]} 37. Rxd4 {[%emt 0:00:06]} Ra8 {[%emt 0:00:04]} 38. Re4 {[%emt 0:01:02]} Ra1+ {[%emt 0:00:10]} 39. Kh2 {[%emt 0:00:08]} Rc1 {[%emt 0:00:40]} 40. b5 {[%emt 0:02:57]} Rc2 {[%emt 0:00:16]} 41. Kg3 {[%emt 0:01:16]} Kf8 {[%emt 0:00:17]} 42. Ne3 {[%emt 0:00:52]} Ra2 {[%emt 0:00:28]} 43. Re5 {[%emt 0:00:51]} Rdd2 {[%emt 0:00:04]} 44. Rd5 {[%emt 0:00:26]} Rxf2 {[%emt 0:00:13]} 45. Rxd7 {[%emt 0:00:11]} f5 {[%emt 0:00:07]} 46. Kf4 {[%emt 0:00:20]} Ra3 {[%emt 0:04:04]} 47. Nd5 {[%emt 0:00:23]} 1-0